Countries Shapes but I Drew Them - Statistics

General Stats
  • This quiz has been taken 64 times
  • The average score is 13 of 16
Answer Stats
Picture Answer % Correct
Italy
100%
United States
98%
India
93%
Canada
91%
Egypt
91%
Israel
91%
Mexico
91%
Chile
90%
Australia
88%
Croatia
86%
South Africa
86%
Vietnam
79%
Norway
69%
Gambia
57%
Moldova
55%
Mozambique
50%
No matching quizzes found
Score Distribution
Percent of People with Each Score
Percentile by Number Answered
Your Score History
You have not taken this quiz